| 000 | 00000nam##2200000za#4500 |
| 001 | 9.618376 |
| 003 | CaOODSP |
| 005 | 20210615102803 |
| 007 | ta |
| 008 | 150406|2007||||xxc||||| f|0| 0 eng|d |
| 022 | |a0706-6457 |
| 040 | |aCaOODSP|beng |
| 043 | |an-cn--- |
| 086 | 1 |aFs97-6/2718E |
| 110 | 1 |aCanada. |bDepartment of Fisheries and Oceans. |
| 245 | 10|aPreliminary categorization of the productivity of 37 coastal and Skeena River system lakes in British Columbia / |cby K.S. Shortreed, J.M.B. Hume, and K. Malange. |
| 260 | |aCultus Lake - British Columbia : |bFisheries and Oceans Canada |c2007. |
| 300 | |aix, 91p. : |bgraphs, maps, references, tables ; |c28 cm. |
| 490 | 1 |aCanadian technical report of fisheries and aquatic sciences|x0706-6457|v2718 |
| 500 | |a"Fisheries and Oceans Canada, Science Branch, Pacific Region, Cultus Lake Salmon Research Laboratory, Cultus Lake, BC V2R 5B6". |
| 520 | 3 |aThis report is part of a series containing scientific and technical information that widens existing scientific knowledge but is not considered appropriate for publication in the primary literature. The research covers such subjects as ecosystem models, methods for enhancing aquaculture, commercial fishing equipment, and environmental threats to aquatic quality and fisheries resources. Includes tables, graphs, and charts. |
| 546 | |a(Résumé en français.) |
| 563 | |aSoftcover |
| 590 | |a07-26|b2007-06-29 |
| 690 | 07|aFish|2gcpds |
| 690 | 07|aLakes|2gcpds |
| 690 | 07|aWestern provinces|2gcpds |
| 720 | 1 |aMalange, K. |
| 720 | 1 |aShortreed, K. |
| 720 | 1 |aHume, J. M. B |
| 776 | 0#|tPreliminary categorization of the productivity of 37 coastal and Skeena River system lakes in British Columbia / |w(CaOODSP)9.574269 |
| 830 | #0|aCanadian technical report of fisheries and aquatic sciences,|x0706-6457|v2718|w(CaOODSP)9.514691 |